Slovenský Orol

Telovýchovný spolkový časopis regionálneho charakteru

Bibliographic Details
Previous Title:Stráž Tatier
Other Authors: Izakovič, Alexej, 1908-1995 (Publishing director)
Format: Journal
Language:Slovak
PhysicalDescription:3 zv. 23 cm
Published: Palárikovo Vedenie slovenského Orla 1936-1938
Subjects:

MARC

LEADER 00000cas a22000001a 4500
001 vtls010298576
003 SK-MaSNL
005 20260228163428.0
008 110809d19361938xo mr|p r 0 b0slo
040 |a SNK  |b slo  |c SNK  |e AACR2 
041 0 |a slo 
044 |a xo  |c SK 
072 7 |a 796  |x Šport. Hry. Telesné cvičenia  |2 konspekt 
072 7 |a 376  |x Výchova a vzdelávanie zvláštnych skupín osôb  |2 konspekt 
080 |a 796  |2 2001 
080 |a 050  |2 2001 
080 |a 376  |2 2001 
245 0 0 |a Slovenský Orol 
260 |a Palárikovo  |b Vedenie slovenského Orla  |c 1936-1938 
300 |a 3 zv.  |c 23 cm 
310 |a 1x mesačne 
362 0 |a Roč. I (XII.), č. 1 (jan. 1936)-roč. III (XIV.), č. 11 (nov. 1938) 
500 |a Zmena podnázvu: od 1/1937 Mesačník slovenských orolských žúp 
500 |a Zodp. red.: 1936-1938, Alexej Izakovič 
500 |a Vyd.: [Vedenie slovenského Orla] 
500 |a Tlač.: Michal Farkaš, Nové Zámky; od 11/1938 Slovenská kníhtlačiareň, Žilina 
500 |a Vyšiel ako pokračovanie časopisu Stráž Tatier 
520 |a Telovýchovný spolkový časopis regionálneho charakteru 
650 0 7 |a šport  |2 SNKPH  |9 1042 
650 0 7 |a telovýchova  |2 SNKPH  |9 1044 
650 0 7 |a mládež  |2 SNKPH  |9 1575 
650 0 7 |a výchova a vzdelávanie  |2 SNKPH  |9 1684 
655 7 |a časopisy pre mládež  |2 SNKPH  |9 70792 
700 1 |a Izakovič, Alexej,  |d 1908-1995  |4 pbd  |9 149346 
780 0 0 |t Stráž Tatier  |w vtls010298632 
910 |a snk 
916 |a 1937 
999 |c 9409  |d 11339 
952 |0 0  |1 0  |4 0  |7 0  |8 5  |a SNK  |b SNK  |d 1997-01-13  |f 1  |i snkF 2413/82  |l 0  |o snkČSC 2709/2/1937  |p 17A0031487  |r 2005-01-01 00:00:00  |t č. 1-12  |w 2026-02-21  |y PREZ